| 000 | 01331nam a2200349Ia 4500 | ||
|---|---|---|---|
| 001 | ebr10465668 | ||
| 003 | CaPaEBR | ||
| 006 | m u | ||
| 007 | cr cn||||||||| | ||
| 008 | 000511r20001989enk sb 000 0 eng d | ||
| 020 | _z9780192840547 | ||
| 020 | _z0192840541 | ||
| 040 |
_aCaPaEBR _cCaPaEBR |
||
| 035 | _a(OCoLC)732956130 | ||
| 050 | 1 | 4 |
_aPR5811 _b.M87 2000eb |
| 100 | 1 |
_aWilde, Oscar, _d1854-1900. |
|
| 245 | 1 | 0 |
_aOscar Wilde _h[electronic resource] : _bthe major works / _cedited by Isobel Murray. |
| 246 | 3 | _aMajor works | |
| 260 |
_aOxford : _bOxford University Press, _c2000. |
||
| 300 | _axii, 638 p. | ||
| 490 | 1 | _aOxford world's classics | |
| 500 | _aOriginally published: 1989. | ||
| 504 | _aIncludes bibliographical references. | ||
| 533 |
_aElectronic reproduction. _bPalo Alto, Calif. : _cebrary, _d2011. _nAvailable via World Wide Web. _nAccess may be limited to ebrary affiliated libraries. |
||
| 600 | 1 | 0 |
_aWilde, Oscar, _d1854-1900. |
| 650 | 0 |
_aAuthors, Irish _y19th century _vBiography. |
|
| 655 | 7 |
_aElectronic books. _2local |
|
| 700 | 1 | _aMurray, Isobel. | |
| 710 | 2 | _aebrary, Inc. | |
| 830 | 0 | _aOxford world's classics (Oxford University Press) | |
| 856 | 4 | 0 |
_uhttp://site.ebrary.com/lib/rucke/Doc?id=10465668 _zAn electronic book accessible through the World Wide Web; click to view |
| 999 |
_c242451 _d242451 |
||